00948nam a2200217 a 450000100100000000500170001000800410002702000150006804000250008324501430010826000690025130000370032050400280035770000430038570000490042870000310047770000370050871000630054595201050060899900170071300004400120201002045102.0140513s1996 sp ad 000 0 spa d a8420694568 aDO-SdBNPbspacBNPHU10aEntre dos siglos :breflexiones sobre la democracia española /cO. Alzaga ... [et al.] ; J. Tusell, E. Lamo de Espinosa y R. Pardo, eds. aMadrid :bFundación Ortega y Gasset :bFundación BBV,c1996. a634 p. :bil., grád. ;c23 cm. aBibliografía : p. 63012aTusell, Javier,d1945-2005eed.95934512aLamo de Espinosa, Emilio,d1946-eed.97196112aPardo, Rafael,eed.97196212aAlzaga Villaamil, Óscar9719632 aFundación José Ortega y Gasset: Fundación BBV971964 001050718MOaGRbGRcCTd2014-05-13iLF1l0o p44001-10r2020-06-25w2020-06-25y1ZNo se presta c43490d43490